Pressburg 1620

Titel: Pressburg 1620 : jesienna kampania księcia Gábora Bethlena / Witold Biernacki
Verfasser:
Ausgabe: Wydanie 1
Veröffentlicht: Zabrze; Tarnowskie Góry : Wydawnictwo inforteditions, [2018]
Umfang: 119 Seiten : Illustrationen ; 24 cm
Format: Buch
Sprache: Polnisch
Schriftenreihe/
mehrbändiges Werk:
Pola bitew ; no 46
Schlagworte:
ISBN: 8365982072 ; 9788365982070
Buchumschlag
X
alg: 43250601
001A    $03004:12-06-18 
001B    $01999:31-07-18 $t11:41:48.000 
001C    $03004:23-07-18 $t14:12:56.000 
001D    $03004:23-07-18 
001U    $0utf8 
001X    $00 
002@    $0Aau 
002C    $aText $btxt $2rdacontent 
002D    $aohne Hilfsmittel zu benutzen $bn $2rdamedia 
002E    $aBand $bnc $2rdacarrier 
003@    $0432506012 
004A    $083-65982-07-2 
004A    $A978-83-65982-07-0 
006C    $01034650732 $aOCoLC 
007A    $0432506012 $aHEB 
007G    $0DE020EF2EC3CAAC34F858C12582DA003FF33D 
009P    $qapplication/pdf $A2 $3Inhaltsverzeichnis $uhttp://scans.hebis.de/HEBCGI/show.pl?43250601_toc.pdf $mV:DE-603;B:DE-Mb50 
010@    $apol 
010E    $erda 
011@    $a2018 $n[2018] 
011F    $n© 2018 
021A    $aPressburg 1620 $djesienna kampania księcia Gábora Bethlena $hWitold Biernacki 
028A    $BVerfasser $#Biernacki, W. $#Bjarnacki, Vital'd $4aut $71018851933 $8Biernacki, Witold$Z1946- [Tp3] $9287476790 
032@    $aWydanie 1 
033A    $pZabrze $pTarnowskie Góry $nWydawnictwo inforteditions 
034D    $a119 Seiten 
034I    $a24 cm 
034M    $aIllustrationen 
036E    $aPola bitew $lno 46 
037A    $aLiteraturverzeichnis Seite 118-120 
044K    $RKatharina $#Bethlen, Gábor $#Bethlen, Gábor Iktár $#Bethlen, Gabriel $#Bethlen, Gabriel Iktar $#Bethlen Gábor  $#Bethlen von Iktár, Gábor $#Bethlen von Iktar, Gabriel $#Bethlehem, Gabor $#Bethlem, Gabor $#Betlem, Gabor $#Bethlehem, Gabriel $#Betlehn, Gabriel $#Betlen, Gabriel $#Gábor  $#Gabor, Bethlem $#Gabor, Bethlen $#Gaber, Bethlen $#Gabor, Betlem $#Gábor Bethlen  $#Gabriel  $#Gabriel  $#Gabriel  $#Gabriel Bethlen  $#Gábor  $#Gábor  $#Gabor  $#Bethlen-Gabor $#Gabor, Bethlehem $#Gabor, Betlehem $#Gabor, Betlehm $#Gabor, Betlehn $#Bethlen, Gabor Iktar $#Bethlen von Iktar, Gabor $#Bethlem, Gabriel $#Bethlen-Gabor, Gabriel $#Bethlenius, Gabriel $7119108542 $8$PGabriel$lSiebenbürgen, Fürst, 1580-1629$Z1580-1629 [Tp1] $9087448718 
044K    $RBöhmisch-Pfälzischer Krieg $RAufstand $#Böhmischer Krieg $#Krieg in Böhmen 1618-1620 $#Aufstand in Böhmen 1618-1620 $74146187-3 $8Böhmischer Aufstand [Ts1] $9085585025 
045F    $a355.00943909032 $eDDC23BSB 
045F/01 $a355.009 
045F/03 $f09032 
045F/03 $g439 
045R    $aGeschichte 1620 

lok: 43250601 24

exp: 43250601 24 1 #EPN
201B/01 $023-07-18 $t14:12:56.000 
201C/01 $012-06-18 
201U/01 $0utf8 
203@/01 $01023485249 
208@/01 $a23-07-18 $bz 
209A/01 $a18.05380 $du $f050 $h18 05380 $x00 
209C/01 $a18.05380 K $h18 05380 K 
209G/01 $a73559677 $x00 
220C/01 $aho-sz 
247C/01 $8358050-7 Marburg, Bibliothek des Herder-Instituts Marburg $9102600961 

lok: 43250601 78

exp: 43250601 78 1 #EPN
201B/01 $030-03-23 $t11:04:23.000 
201C/01 $030-03-23 
201U/01 $0utf8 
203@/01 $01230244166 
208@/01 $a30-03-23 $be 
209A/01 $a/ $f000 $x00 
209A/01 $ab*p $x01 
220C/01 $apgar 
244Z/01 $#Slowakei $#Slowakei $#Slowakische Republik $#Oberungarn $#Slovensko $#Slovenská Republika $#Slovenská SR $#SSR $#Slovakia $#Slovaquie $#Slovak Republic $#République Slovaque $#Slovenská Socialistická Republika $#Slowakische Sozialistische Republik $#Slovak Socialist Republic $#République Socialiste Slovaque $74055297-4 $8--Tg1--Slowakei $x12 $9085153834 
247C/01 $82080>Marburg/Lahn, Herder-Institut, Forschungsbibliothek, Bibliographieportal $9336309341
LEADER 00000cam a2200000 c 4500
001 432506012
003 DE-603
005 20180731114148.0
007 tu
008 180612s2018 xx |||| | u00||u|pol c
020 |a 8365982072 
020 |a 9788365982070 
035 |a (DE-599)HEB432506012 
040 |a DE-603  |b ger  |c DE-603  |d DE-603  |e rda 
041 |a pol 
082 0 4 |8 1\u  |a 355.00943909032  |q DE-101  |2 23/BSB 
085 |8 1\u  |b 355.009 
085 |8 1\u  |z 1  |s 09032 
085 |8 1\u  |z 2  |s 439 
100 1 |a Biernacki, Witold  |d 1946-  |e Verfasser  |4 aut  |0 (DE-603)287476790  |0 (DE-588)1018851933  |2 gnd 
245 0 0 |a Pressburg 1620  |b jesienna kampania księcia Gábora Bethlena  |c Witold Biernacki 
250 |a Wydanie 1 
264 1 |a Zabrze  |a Tarnowskie Góry  |b Wydawnictwo inforteditions  |c [2018] 
264 4 |c © 2018 
300 |a 119 Seiten  |b Illustrationen  |c 24 cm 
336 |a Text  |b txt  |2 rdacontent 
337 |a ohne Hilfsmittel zu benutzen  |b n  |2 rdamedia 
338 |a Band  |b nc  |2 rdacarrier 
490 0 |a Pola bitew  |v no 46 
500 |a Literaturverzeichnis Seite 118-120 
600 0 7 |a Gabriel  |c Siebenbürgen, Fürst, 1580-1629  |d 1580-1629  |0 (DE-588)119108542  |0 (DE-603)087448718  |2 gnd 
648 7 |a Geschichte 1620  |2 gnd 
650 7 |a Böhmischer Aufstand  |0 (DE-588)4146187-3  |0 (DE-603)085585025  |2 gnd 
856 4 2 |m V:DE-603;B:DE-Mb50  |q application/pdf  |u http://scans.hebis.de/HEBCGI/show.pl?43250601_toc.pdf  |3 Inhaltsverzeichnis 
924 0 |9 Mb 50  |a (DE-603)1023485249  |b DE-Mb50  |c HES  |d c  |g 18.05380 
924 0 |9 2080  |a (DE-603)1230244166  |b DE-2080  |c HES  |d d  |g /